[Event "3rd Sharjah Masters 2019"]
[Site "Sharjah"]
[Date "2019.03.30"]
[Round "9.9"]
[White "Sjugirov, Sanan"]
[Black "Vokhidov, Shamsiddin"]
[Result "1-0"]
[WhiteElo "2667"]
[BlackElo "2494"]
[Annotator "TA"]
[PlyCount "57"]
[EventDate "2019.03.22"]
[EventType "swiss"]
[EventCountry "UAE"]
[SourceTitle "playchess.com"]
[Source "ChessBase"]
[SourceQuality "1"]

{[%evp 24,57,14,25,18,35,25,14,15,10,37,46,118,12,23,0,70,20,21,24,27,31,63,16,295,287,29992,29993,29993,339,29994,152,29995,29996,29996,29997]} 1. Nf3 Nf6 2. c4 c5 3. Nc3 d5 4. cxd5 Nxd5 5. e3 e6 6. d4 cxd4 7. exd4 Bb4 8. Qc2 Nc6 9. a3 Be7 10. Bd3 h6 11. O-O O-O 12. Qe2 Nf6 13. Rd1 b6 {B14: Caro-Kann: Panov-Botvinnik Attack with 5...e6 and 5...g6} (13... Re8 14. Bb1 Bf8 15. Ne5 Ne7 16. Qf3 Ned5 17. Qg3 Nh5 18. Qh3 Nhf6 19. Rd3 Nxc3 20. bxc3 Nd7 21. Bxh6 Nxe5 22. dxe5 Qb6 23. Rg3 Rd8 24. Bh7+ {1-0 (24) Mladenov,S (2453)-Medvegy,Z (2536) Germany 2013}) 14. Bf4 Bb7 15. Rac1 Rc8 {The position is equal.} 16. Bb1 Nb8 $146 ({Predecessor:} 16... Re8 17. Be5 Bf8 18. Qc2 g6 19. Ba2 Nxe5 20. dxe5 Nd7 21. Qe2 Bxf3 22. Qxf3 Nxe5 {0-1 (41) Krupa,K (2116)-Piorun,K (2359) Polanica Zdroj 2007}) 17. Ne5 a6 ({Better is} 17... Re8 $14) 18. Qd2 (18. Qe3 $16) 18... Re8 $11 19. Qe2 Nbd7 (19... Rf8 $11) 20. Rd3 {Threatens to win with Bxh6!} (20. Re1 $5 {[%cal Re5f7]} Bf8 21. Qc2 $14) 20... Nd5 21. Nxd5 Rxc1+ 22. Bxc1 exd5 23. Rg3 Bh4 $2 {[%mdl 8192] [#]} (23... Nxe5 $1 $11 24. dxe5 (24. Qxe5 $2 Bf6 $19) 24... Bh4) 24. Qh5 $1 $18 {[%mdl 512]} Bxg3 $2 ({Don't go for} 24... Nxe5 $2 {[#]} 25. Rxg7+ $1 {[%mdl 512]} Kf8 26. Bxh6 $18) (24... Qf6 $18) 25. Qxf7+ {[%mdl 64] Double Attack} Kh8 26. Ng6+ Kh7 {[%cal Re8e1]} 27. Ne7+ Kh8 28. Bxh6 $1 {[%csl Gf7][%cal Rh6g7]} Bxf2+ 29. Kxf2 {Accuracy: White = 54%, Black = 32%.} 1-0

[Event "3rd Sharjah Masters 2019"]
[Site "Sharjah"]
[Date "2019.03.30"]
[Round "9.10"]
[White "Stany, G.A."]
[Black "Iturrizaga Bonelli, Eduardo"]
[Result "1-0"]
[WhiteElo "2507"]
[BlackElo "2639"]
[Annotator "TA"]
[PlyCount "75"]
[EventDate "2019.03.22"]
[EventType "swiss"]
[EventCountry "UAE"]
[SourceTitle "playchess.com"]
[Source "ChessBase"]
[SourceQuality "1"]

{[%evp 15,75,41,35,29,28,27,17,22,39,9,10,-16,-4,-16,-24,-22,14,14,16,19,11,15,33,10,22,21,20,20,16,18,35,17,164,158,201,219,212,126,110,122,277,277,277,277,458,277,277,163,267,115,177,117,622,610,651,635,5161,670,29981,783,1630,1614]} 1. e4 c5 2. Nf3 e6 3. d4 cxd4 4. Nxd4 a6 5. Bd3 Ne7 6. c4 g6 {B42: Sicilian: Kan Variation: 5 Bd3} (6... Nec6 7. Nf3 d6 8. O-O Be7 9. Nc3 O-O 10. h3 b6 11. Be3 Nd7 12. Rc1 Bb7 13. a3 Rc8 14. b4 {0-1 (58) Amonatov,F (2636)-Artemiev,V (2691) Riadh 2017}) 7. Nc3 Bg7 8. Be3 O-O {LiveBook: 10 Games. White is slightly better.} 9. Qd2 $146 ({Predecessor:} 9. O-O Nbc6 10. Nxc6 Nxc6 11. Qd2 d6 12. Rad1 e5 13. Bb1 Be6 14. b3 Qa5 15. Ne2 Qxd2 16. Rxd2 Rfc8 17. Rxd6 b5 18. cxb5 axb5 19. Rc1 Nd4 20. Rxc8+ Rxc8 21. Nxd4 exd4 22. Bg5 {1-0 (55) Chandler,M-Green,E (2265) Upper Hutt 1976}) 9... d5 10. cxd5 exd5 11. Rd1 Nd7 12. exd5 {And now d6 would win.} (12. Nxd5 Nxd5 13. exd5 Ne5 $11) 12... Nf6 13. Nde2 Nexd5 14. Bg5 {Bc4 is the strong threat.} Bg4 15. O-O Qb6 16. Nxd5 Nxd5 17. h3 Be6 18. b3 Rfe8 19. Bc4 Nb4 20. Be3 Qa5 21. Bxe6 Rxe6 22. Nf4 Re5 23. Bd4 Rf5 (23... Re4 $1 $11 {and Black is okay.} 24. Bxg7 Kxg7) 24. g4 $1 $18 {[%cal Rg4f5]} Rg5 25. Bxg7 Kxg7 26. Qc3+ (26. Ne6+ $1 $18 fxe6 27. Qd7+ Kh6 28. f4) 26... Kg8 $16 27. Rd7 $1 {aiming for Qf6.} Nxa2 $2 (27... Nc6 $16 28. Qf6 Qf5 29. Rxf7 Qxf6 30. Rxf6 Re5) 28. Qc4 $1 $18 {[%cal Rc4f7]} Qf5 29. Rfd1 ({Less strong is} 29. Rxb7 Nc3 $16) 29... Re8 $2 (29... Rf8 30. Nd5 Qf3) 30. Rd8 Rxd8 31. Rxd8+ $40 {[%mdl 128] Black is in trouble.} Kg7 32. Rd2 (32. Qc7 $18 {and White stays clearly on top.}) 32... h5 (32... Nc1 $16 {was necessary.}) 33. Kh2 (33. Kg2 $1 $18) 33... hxg4 $2 {[%mdl 8192]} (33... Qf6 $16) 34. h4 ({Weaker is} 34. Rxa2 gxh3 35. Qc3+ (35. Nxh3 Rh5 $14) 35... Qe5 $16) 34... g3+ 35. fxg3 Qa5 {[#]} 36. b4 (36. Ne6+ $142 $1 {[%mdl 512]} fxe6 37. Rd7+ Kh6 38. Qd4 e5 39. hxg5+ Kxg5 40. Qh4+ Kf5 41. Rf7+ Ke6 42. Qf6+ Kd5 43. Rd7+ Ke4 44. Qxg6+ Kf3 45. Qd3+ Kg4 46. Rg7+ Kh5 47. Qh7#) 36... Qb5 37. Qd4+ (37. Ne6+ $142 fxe6 38. Qc7+ Kh6 39. Qb8 Kh7 40. hxg5 Qc6 41. Qf8 Qc7 42. Qh6+ Kg8 43. Qxg6+ Kh8 44. Qh6+ Kg8 45. g6 Qe7 {[#]} 46. Rd8+ $1 {[%mdl 512]} Qxd8 47. Qh7+ Kf8 48. Qf7#) 37... Re5 38. Nd3 {Precision: White = 43%, Black = 29%.} 1-0

[Event "3rd Sharjah Masters 2019"]
[Site "Sharjah"]
[Date "2019.03.30"]
[Round "9.11"]
[White "Ganguly, Surya Shekhar"]
[Black "Megaranto, Susanto"]
[Result "1/2-1/2"]
[WhiteElo "2633"]
[BlackElo "2526"]
[Annotator "TA"]
[PlyCount "103"]
[EventDate "2019.03.22"]
[EventType "swiss"]
[EventCountry "UAE"]
[SourceTitle "playchess.com"]
[Source "ChessBase"]
[SourceQuality "1"]

{[%evp 24,103,31,31,31,26,29,22,31,8,13,26,25,20,62,74,77,47,75,75,126,130,130,129,114,89,101,99,124,124,124,124,124,124,124,126,158,138,138,132,132,134,133,129,150,114,141,100,107,106,108,108,108,102,103,59,130,128,131,131,132,132,132,132,132,8,20,0,0,0,0,0,0,0,0,0,0,0,0,0,0,0]} 1. e4 c6 2. d4 d5 3. exd5 cxd5 4. Bd3 Nc6 5. c3 Nf6 6. Bf4 Bg4 7. Qb3 Qd7 8. Nd2 {[%cal Bb1d2,Bd2f3,Bf3e5][%mdl 32]} e6 9. Ngf3 Bxf3 10. Nxf3 Bd6 11. Bxd6 Qxd6 12. O-O O-O 13. Rfe1 Rab8 {B13: Caro-Kann: Exchange Variation and Panov-Botvinnik Attack} (13... Nd7 14. a4 Rab8 15. a5 h6 16. Qa3 Qxa3 17. Rxa3 Rfc8 18. g3 Kf8 19. Rea1 Ke7 20. Rb3 b6 21. axb6 axb6 {1-0 (52) Jumabayev,R (2612)-Saric,I (2669) Riadh 2017}) 14. a4 a6 15. Ne5 Qc7 $146 ({Predecessor:} 15... Nd7 16. f4 Na5 17. Qc2 {½-½ (17) Farkas,T (2252)-Meszaros,A (2261) Kecskemet 2014}) 16. Qc2 b5 17. f4 g6 18. Re3 Qb6 19. axb5 axb5 20. Rh3 $1 Nxe5 21. fxe5 Ng4 (21... Nd7 $142) 22. Qe2 $16 f5 {[#]} 23. exf6 $1 Nxf6 24. Rg3 Rb7 25. Rf1 Ne8 26. Rgf3 Rbf7 27. Rxf7 Rxf7 28. Bxb5 Rxf1+ 29. Kxf1 Nf6 30. Bd3 Kf7 31. g3 Qa5 32. Kg2 Qa1 33. Qd2 Ke7 34. h3 Nd7 35. c4 dxc4 36. Bxc4 Qa8+ 37. Kh2 Qe4 38. Bf1 e5 39. d5 {Hoping for Bg2.} Qd4 (39... Nf6 $1 $14) 40. Qh6 Qxb2+ {[#]} 41. Bg2 $1 e4 42. Qxh7+ Kd6 43. Qxg6+ Nf6 44. Qg5 (44. Qf5 $16 {Black must now prevent Qe6+.} Qe5 45. Qc8) 44... Qf2 $11 {The position is equal.} 45. Qc1 Nxd5 46. Qf1 e3 $1 ({Of course not} 46... Qxf1 $6 47. Bxf1 Ke5 48. Kg2 $16) 47. Qa6+ Ke5 48. Qa1+ Kd6 {And now ...e2 would win.} 49. Qa3+ Ke5 {aiming for ...e2.} 50. Qa1+ Kd6 {Threatens to win with ...e2.} 51. Qa3+ Ke5 {Strongly threatening ...e2.} 52. Qa1+ {Accuracy: White = 66%, Black = 69%.} 1/2-1/2

[Event "3rd Sharjah Masters 2019"]
[Site "Sharjah"]
[Date "2019.03.30"]
[Round "9.12"]
[White "Raghunandan, Kaumandur Srihari"]
[Black "Adly, Ahmed"]
[Result "0-1"]
[WhiteElo "2352"]
[BlackElo "2611"]
[Annotator "TA"]
[PlyCount "188"]
[EventDate "2019.03.22"]
[EventType "swiss"]
[EventCountry "UAE"]
[SourceTitle "playchess.com"]
[Source "ChessBase"]
[SourceQuality "1"]

{[%evp 18,188,30,25,37,37,47,0,0,0,29,12,45,36,35,0,0,0,5,5,7,13,28,15,22,12,15,5,36,39,47,59,40,0,0,0,14,13,12,12,13,14,10,6,8,8,0,0,0,0,0,0,0,0,0,0,0,0,0,0,0,0,0,0,0,0,0,0,0,0,0,0,0,0,14,0,19,18,32,14,16,0,0,0,0,0,0,0,16,0,23,17,19,0,9,11,17,0,0,0,0,0,0,-24,-24,-25,-25,-24,-16,-16,-22,-132,-121,-112,-83,-89,-80,-95,-43,-118,-104,-90,-43,-43,-43,-57,-80,-276,-260,-855,-838,-596,-596,-3231,-3231,-29937,-29945,-29946,-29945,-29949,-29944,-29950,-29955,-29956,-29959,-29960,-29960,-29956,-29959,-29964,-5133,-29966,-29967,-29977,-29978,-29983,-29978,-29978,-29979,-29981,-29982,-29983,-29983,-29986,-29987,-29990,-29991,-29991,-29989,-29989,-29990,-29998,-29999]} 1. e4 c6 2. d4 d5 3. e5 c5 4. dxc5 e6 5. Nf3 Bxc5 6. a3 {B12: Caro-Kann: Advance Variation} Ne7 7. b4 (7. Bd3 Ng6 8. O-O O-O 9. Nbd2 Nc6 10. b4 Bb6 11. Bxg6 fxg6 12. Nb3 Bd7 13. Re1 {1-0 (29) Anand,V (2773)-Mamedyarov,S (2817) Wijk aan Zee 2019}) 7... Bb6 8. Bd3 Nbc6 9. Bb2 Ng6 10. O-O {LiveBook: 91 Games} O-O 11. Re1 Bd7 12. c4 dxc4 13. Bxc4 Rc8 $146 14. Nbd2 Nce7 15. b5 Nf5 {aiming for ...Bxf2+!} 16. Re4 a6 17. a4 axb5 18. axb5 Qe7 19. Qb3 Ra8 {With the idea ...Rxa1+.} 20. g3 Rxa1+ 21. Bxa1 Ra8 22. Bb2 Be8 23. Re2 Nf8 24. Ne4 Nd7 25. Bd3 Nc5 26. Nxc5 Qxc5 27. Rc2 Qe7 28. Kg2 Bd7 29. h3 h6 30. g4 Nh4+ 31. Nxh4 Qxh4 32. Qb4 h5 33. Qe4 hxg4 34. hxg4 g6 35. Qf4 Ra5 36. Bd4 Bd8 37. Bc3 Ra3 38. Qd4 Bg5 39. Be2 Be8 40. f4 Bd8 41. Qf2 Qxf2+ 42. Kxf2 Bb6+ 43. Kg2 Rb3 44. Bc4 Rb1 45. Bb2 Kg7 46. Kf3 Bd8 47. Bd3 Rd1 48. Ke2 Rh1 49. Kf3 Bb6 50. Ke4 Re1+ 51. Re2 Rd1 52. Rc2 Bd7 53. Be2 Rd5 54. Bc4 Rd1 55. Be2 Re1 56. Bc3 Rb1 57. Bb2 Kf8 58. Ba3+ Ke8 59. Bb2 Bc5 60. Rxc5 (60. Kf3 {with more complications.} b6 61. g5 Rh1 62. Kg2 Rg1+ 63. Kf3) 60... Rxb2 $11 {[%mdl 4096] Endgame KRB-KRB} 61. Ke3 Kd8 62. Bd3 b6 63. Rc3 Bxb5 64. Bxb5 (64. Be4 $11 {keeps the balance.}) 64... Rxb5 {KR-KR} 65. Rc1 {[#]} g5 $1 {[%mdl 512]} 66. fxg5 Rxe5+ 67. Kf4 {[#]} Rc5 (67... Rd5 $1 $17 68. Rc6 b5) 68. Ra1 (68. Rh1 $1 $15) 68... Rc4+ 69. Kg3 b5 {...b4 is the strong threat.} 70. Ra8+ Rc8 71. Ra7 Rc7 72. Ra8+ $2 {[#]} (72. Ra6 $17) 72... Kd7 $1 $19 73. Kh4 $2 (73. Kf4) 73... Rb7 74. g6 fxg6 75. Kg5 b4 {[%cal Bb5b4,Bb4b3,Bb3b2][%mdl 32]} 76. Kxg6 b3 77. Ra1 b2 78. Rb1 Ke7 79. g5 Rb5 80. Kh7 Rxg5 81. Rxb2 e5 82. Kh6 Kf6 83. Rb1 Rg2 (83... Rg4 $142 84. Kh5 Rg8 85. Rf1+ Ke6 86. Kh6 e4 87. Re1 Kd5 88. Kh5 Kd4 89. Rd1+ Kc3 90. Rc1+ Kd2 91. Rc6 Rd8 92. Ra6 e3 93. Ra2+ Ke1 94. Kg4 Kf1 95. Ra1+ Ke2 96. Ra5 Kf2 97. Rf5+ Ke1 98. Re5 e2 99. Re6 Kd2 100. Kf3 Rf8+ 101. Kg4 e1=Q 102. Rxe1 Kxe1 103. Kg5 Kf2 104. Kg4 Kg2 105. Kh5 Kg3 106. Kg5 Rf4 107. Kg6 Kg4 108. Kh6 Kf5 109. Kg7 Kg5 110. Kh8 Kh6 111. Kg8 Kg6 112. Kh8 Rf8#) 84. Kh5 e4 {Black mates.} 85. Rb5 e3 86. Kh4 Rg1 87. Rb2 Kf5 88. Kh3 Ke4 89. Kh2 Rg5 90. Ra2 Kf3 91. Ra8 e2 92. Re8 {[#]} e1=Q $1 {[%mdl 512]} 93. Rxe1 Kf2 {[%cal Rg5h5]} 94. Re4 Rh5+ {Precision: White = 47%, Black = 68%.} 0-1

[Event "3rd Sharjah Masters 2019"]
[Site "Sharjah"]
[Date "2019.03.30"]
[Round "9.13"]
[White "Nihal, Sarin"]
[Black "Lorparizangeneh, Shahin"]
[Result "1-0"]
[WhiteElo "2578"]
[BlackElo "2493"]
[Annotator "TA"]
[PlyCount "145"]
[EventDate "2019.03.22"]
[EventType "swiss"]
[EventCountry "UAE"]
[SourceTitle "playchess.com"]
[Source "ChessBase"]
[SourceQuality "1"]

{[%evp 9,145,-8,0,0,24,-1,1,0,48,33,31,27,41,19,20,19,35,23,36,6,56,24,77,29,83,72,141,137,135,137,149,145,204,195,189,105,106,105,109,22,18,22,29,29,75,7,50,0,0,0,0,2,22,28,21,15,24,21,116,116,116,120,138,105,88,93,105,105,193,179,180,188,182,159,196,176,187,186,178,175,167,157,254,254,254,247,254,233,1198,1181,1138,1061,1133,1097,2053,1600,29962,29963,29963,29964,29966,29967,29967,29968,29968,29968,29968,29969,29970,29970,29969,29970,29970,29971,29972,29972,29973,29974,29974,29975,29976,29976,29976,29977,29977,29978,29978,29979,29980,29981,29982,29983,29982,29983,29983,29984,29988,29989]} 1. d4 d5 2. Bf4 c5 3. e3 Nc6 4. c3 Bf5 (4... Nf6 5. Nd2 Bf5 6. Ngf3 e6 7. Nh4 Be4 8. Nhf3 Bf5 9. Nh4 Be4 10. Qb3 Qc8 11. Nhf3 Bf5 12. Be2 Be7 13. O-O O-O 14. h3 h6 15. Rfe1 c4 16. Qd1 b5 {1-0 (66) Grachev,B (2626)-Najer,E (2663) Moscow 2018}) 5. Nd2 e6 6. Ngf3 {D00: 1 d4 d5: Unusual lines} Bd6 7. Bxd6 Qxd6 8. Qb3 $146 {The position is equal.} ({Predecessor:} 8. Bb5 Nge7 9. dxc5 Qxc5 10. Nd4 Bg6 11. Qa4 O-O 12. O-O {0-1 (38) Farkas,R (2009)-Mayer,I (2063) Budapest 2011}) 8... O-O-O 9. Bb5 Nge7 10. Qa4 a6 11. Bxc6 Nxc6 12. O-O Kb8 13. Rfc1 cxd4 14. exd4 Be4 15. Re1 Qf4 (15... Bxf3 $11 16. Nxf3 h5) 16. Re3 Rhe8 (16... Bxf3 $11 17. Nxf3 g5) 17. g3 Qf6 (17... Qf5 $142) 18. Nxe4 $16 dxe4 19. Nd2 e5 {[%cal Re5d4]} 20. Nxe4 Qg6 (20... Qe6 $16 {is a better defense.} 21. Nc5 Qd5) 21. Nc5 $18 exd4 {[#]} 22. Rxe8 (22. Qb3 $1 $18 {[%csl Gc5][%cal Rb3b7][%mdl 512]} Na5 23. Rxe8 Rxe8 24. Qb4) 22... Rxe8 $16 23. cxd4 {Threatens to win with d5.} Qd6 24. Rc1 ({White should play} 24. Qb3 $16 {[%csl Gc5][%cal Rb3b7]} Re7 25. Nxa6+ Ka7 26. Nc5) 24... Qd5 $1 $11 25. Qb3 Qxb3 26. Nxb3 {[%mdl 4096] Endgame KRN-KRN} Nb4 {[#]} 27. Nc5 (27. a3 $1 $16 {[%cal Ra3b4]} Nc6 28. d5) 27... b6 28. Nd7+ Kb7 29. a3 Nd3 30. Rc3 Nxb2 31. Nxb6 {[%mdl 64] Decoy} Kxb6 {KRN-KR} 32. Rb3+ {[%mdl 64] Double Attack} Kc6 {...Nc4 is the strong threat.} 33. Rxb2 {KR-KR} Rd8 (33... Re1+ $11 34. Kg2 Ra1) 34. Rc2+ $16 Kb6 35. Rc4 Kb5 36. Rb4+ Kc6 37. a4 Rd7 38. Kg2 a5 (38... Rd6 $16) 39. Rc4+ $18 Kd5 40. Rc5+ Kxd4 41. Rxa5 Ke4 42. Rb5 Ra7 43. a5 Kd4 44. Kf3 Kc4 45. Rh5 h6 (45... g6 $16 46. Rxh7 Kd5) 46. h4 Ra6 47. Rf5 Ra7 48. h5 g6 $2 (48... f6 49. Kg4 Ra8) 49. hxg6 fxg6 50. Rf6 Rxa5 51. Rxg6 Rf5+ 52. Ke4 Rxf2 53. Rc6+ {White mates.} Kb5 54. Rxh6 Kc5 55. g4 Rg2 56. Kf5 Rf2+ 57. Kg5 Kd5 58. Rf6 Rh2 59. Kf5 Rf2+ 60. Kg6 Rg2 61. g5 Ke5 62. Kh6 Ra2 63. Rf1 Ke6 64. g6 Ke7 65. g7 Rh2+ 66. Kg6 Rg2+ 67. Kh7 Rh2+ 68. Kg8 Rh4 69. Re1+ Kd7 70. Kf7 Rf4+ {[#]} 71. Kg6 $1 Rg4+ 72. Kf6 Kd8 73. Re5 {Accuracy: White = 75%, Black = 28%.} 1-0

[Event "3rd Sharjah Masters 2019"]
[Site "Sharjah"]
[Date "2019.03.30"]
[Round "9.14"]
[White "Abdusattorov, Nodirbek"]
[Black "Asgarizadeh, Ahmad"]
[Result "1/2-1/2"]
[WhiteElo "2560"]
[BlackElo "2434"]
[Annotator "TA"]
[PlyCount "109"]
[EventDate "2019.03.22"]
[EventType "swiss"]
[EventCountry "UAE"]
[SourceTitle "playchess.com"]
[Source "ChessBase"]
[SourceQuality "1"]

{[%evp 12,109,10,0,-7,-8,-7,-9,0,-17,-17,-16,-6,-17,-17,-16,-15,-22,-18,-37,-22,-22,-22,-21,-14,-24,0,0,0,0,0,0,0,-50,-55,-50,-31,-51,-35,-39,0,-39,-20,-55,-45,-58,-48,-61,-56,-63,-31,-44,0,-2,0,-2,-2,-2,-2,-2,-2,-2,-2,-2,-2,-2,-2,-2,-2,-2,-2,-2,-2,-2,-2,-2,-2,-2,-2,-77,0,-24,0,0,0,0,0,0,0,0,0,0,0,0,0,-24,0,-24,-24,-77]} 1. e4 e5 2. Nf3 Nc6 3. Nc3 Nf6 4. Bb5 Nd4 5. Bc4 Bc5 6. d3 d6 7. Nxd4 Bxd4 {C48: Four Knights: 4 Bb5, replies other than 4...Bb4} 8. O-O c6 9. Bb3 (9. Qf3 b5 10. Bb3 a5 11. a3 a4 12. Ba2 Be6 13. Nd1 Bg4 {0-1 (53) Maze,S (2614)-Fressinet,L (2651) Porticcio 2017}) 9... h6 $146 {The position is equal.} ({Predecessor:} 9... a5 10. a3 Bg4 11. Qe1 O-O 12. Be3 Qb6 {½-½ (25) Horvat,S (2107)-Smojver,J (2081) Rabac 2004}) 10. Be3 a5 11. a4 Qb6 12. Qd2 Bxe3 13. fxe3 Be6 14. Ra3 O-O 15. d4 Bxb3 16. Rxb3 Qc7 $1 17. Rxf6 gxf6 18. Qf2 Qe7 19. Ne2 {[#]} f5 $1 20. exf5 {Hoping for f6.} f6 21. e4 Kh7 22. Qh4 Rg8 23. Rh3 {[%csl Gh3][%cal Rh4h6]} Qg7 {[%csl Gg8][%cal Rg7g2]} 24. Rg3 Qf7 25. Rh3 $1 {[%csl Gh3][%cal Rh4h6]} Qg7 {[%csl Gg8][%cal Rg7g2]} 26. Rg3 Qf8 27. Rb3 Rb8 28. c4 Rg5 $1 {Strongly threatening ...Qg8.} 29. Qf2 Qf7 30. d5 Rbg8 31. g3 c5 32. Re3 Qh5 33. Kg2 Qe8 34. b3 h5 35. h3 $1 Qd8 36. Nc3 Kg7 37. Kh2 Kf7 38. Rf3 Ke7 39. Qd2 Kd7 40. Qf2 Qf8 41. Qd2 Qg7 {[%cal Rg5g3]} 42. Qe3 Qh7 43. Ne2 Rh8 44. Rf2 Qh6 {And now ...Rxf5! would win.} 45. Rf3 {[#]} (45. Qd3 $11) 45... Qh7 ({Black should try} 45... Rg4 $1 $17 {[%mdl 512]}) 46. Rf2 $11 b6 47. Kg2 Qh6 {...h4 is the strong threat.} 48. Rf3 Qh7 49. Rf2 Rhg8 50. Rf3 R5g7 51. Kh2 Rh8 52. Rf2 Kc7 53. Rg2 Rg5 54. Rf2 Qh6 {aiming for ...Rxf5!} 55. Rf3 {Accuracy: White = 73%, Black = 67%.} (55. Qd3 $11 {remains equal.}) 1/2-1/2

[Event "3rd Sharjah Masters 2019"]
[Site "Sharjah"]
[Date "2019.03.30"]
[Round "9.15"]
[White "Laxman, R.R."]
[Black "Fier, Alexandr"]
[Result "1/2-1/2"]
[WhiteElo "2425"]
[BlackElo "2551"]
[Annotator "TA"]
[PlyCount "124"]
[EventDate "2019.03.22"]
[EventType "swiss"]
[EventCountry "UAE"]
[SourceTitle "playchess.com"]
[Source "ChessBase"]
[SourceQuality "1"]

{[%evp 17,124,1,0,-16,-14,-10,-9,-10,-12,-17,-8,-29,-31,-38,-10,-22,3,4,10,8,21,-10,-1,-23,-13,-26,11,0,0,0,0,0,0,0,7,7,7,-8,7,0,10,10,65,27,77,72,72,72,75,75,75,75,75,75,75,0,0,0,0,0,0,0,0,0,0,0,0,0,33,0,31,31,59,59,59,59,59,14,332,14,14,14,14,14,14,14,14,14,14,14,14,0,14,14,14,14,14,14,14,14,14,0,14,0,14,0,14,14,14]} 1. d4 {Finkel,A} Nf6 2. Nf3 g6 3. Bg5 Bg7 4. Nbd2 O-O 5. c3 d5 6. e3 Nbd7 7. Be2 c5 8. O-O b6 9. Bh4 {D03: 1 d4 d5 2 Nf3 Nf6 3 Bg5, including Torre Attack with early ...d5} (9. a4 a6 10. b4 Bb7 11. a5 cxb4 12. cxb4 b5 13. Rc1 Ne8 14. Nb3 Nd6 15. Ne1 Nc4 16. Nd3 Ra7 17. Bh4 {0-1 (54) Kramnik,V (2783)-Caruana,F (2802) Shamkir 2015 CBM 166 [Caruana,F]}) 9... Bb7 {LiveBook: 8 Games} 10. Ne5 $146 ({Predecessor:} 10. a4 a6 11. b4 c4 12. b5 Ne8 13. Bg3 e6 14. Qc2 f5 15. Qb2 {1-0 (80) Sasikiran,K (2666)-McShane,L (2643) Biel 2004 CBM 102 [Finkel,A]}) 10... Ne8 {[%cal Bf6e8,Be8d6,Bd6f5][%mdl 32]} 11. Nxd7 Qxd7 12. a4 Nd6 13. Bg3 Nf5 14. Bf4 f6 15. Bg4 e6 (15... cxd4 {with more complications.} 16. cxd4 Rfc8 17. Nf3 e6 18. h4 Ba6) 16. Re1 g5 17. Bxf5 $1 exf5 18. Bg3 c4 19. a5 b5 20. b4 a6 21. h4 Rae8 22. Qh5 h6 23. hxg5 hxg5 24. f4 $1 {[%cal Rf4g5]} Qf7 25. Qxf7+ Kxf7 26. fxg5 fxg5 27. Bd6 Rg8 28. Nf3 Bh6 29. Kf2 Re6 (29... g4 $11 30. Ne5+ Ke6) 30. Ne5+ Ke8 31. Bc5 Bg7 32. Rh1 Bc8 33. Rh7 Rh6 34. Rxh6 Bxh6 35. Rh1 Bg7 36. Rh5 (36. Rh7 $16) 36... Bxe5 $1 $11 37. dxe5 {[%mdl 4096] Endgame KRB-KRB} Kf7 38. Kg3 Kg6 39. Rh1 Be6 40. Be7 d4 41. exd4 f4+ 42. Kf2 Bd5 43. Re1 g4 {[#] Strongly threatening ...g3+.} 44. e6 {And now Re5 would win.} Re8 45. Bd6 {e7 is the strong threat.} Rxe6 46. Rxe6+ Bxe6 47. Bxf4 $14 {KB-KB} (47. d5 $5 Bxd5 48. Bxf4 $11) 47... Kf5 $2 {[%mdl 8192] [#]} (47... Bd5 $1 $11 {and Black stays safe.}) 48. Ke3 $2 (48. d5 $1 $18 {[%cal Rd5e6]} Bxd5 49. Bd6) 48... Bd5 $11 {The position is equal.} 49. g3 Ke6 50. Bb8 Kf5 51. Bc7 Kg5 $1 52. Bd8+ Kf5 53. Bh4 Bf3 54. Bd8 Bd5 55. Be7 Ke6 56. Bf8 Kf5 57. Bg7 Kg5 58. Be5 Kf5 59. Bc7 Kg5 $1 60. Bd8+ Kf5 61. Bh4 Bf3 62. d5 Ke5 $1 {Precision: White = 55%, Black = 63%.} 1/2-1/2

[Event "3rd Sharjah Masters 2019"]
[Site "Sharjah"]
[Date "2019.03.30"]
[Round "9.16"]
[White "Zubov, Alexander"]
[Black "Shyaamnikhil P"]
[Result "1-0"]
[WhiteElo "2605"]
[BlackElo "2429"]
[Annotator "TA"]
[PlyCount "71"]
[EventDate "2019.03.22"]
[EventType "swiss"]
[EventCountry "UAE"]
[SourceTitle "playchess.com"]
[Source "ChessBase"]
[SourceQuality "1"]

{[%evp 23,71,-9,11,14,8,10,17,0,42,0,31,-32,41,29,78,79,66,50,75,70,84,75,66,68,78,72,68,68,61,69,99,104,105,109,100,98,91,101,301,296,293,297,298,304,415,415,415,413,464,462]} 1. d4 Nf6 2. c4 e6 3. Nc3 Bb4 4. Nf3 d5 5. e3 O-O 6. Bd3 dxc4 7. Bxc4 c5 8. O-O Nc6 9. a3 Ba5 10. Qd3 a6 11. Rd1 b5 12. Ba2 Bb7 13. dxc5 {E56: Nimzo-Indian: Rubinstein: Main Line: 7...Nc6} Bxc3 14. Qc2 (14. bxc3 Qxd3 15. Rxd3 Rfd8 16. Rxd8+ Rxd8 17. Kf1 Ne4 18. Bb2 Nxc5 19. c4 b4 20. Bd4 Ne4 21. axb4 Nxb4 {½-½ (50) Edouard,R (2626)-Cornette,D (2440) chess.com INT 2017}) 14... Qa5 $146 ({Predecessor:} 14... Qe7 15. Qxc3 Ne4 16. Qc2 Nxc5 17. Bd2 Rfc8 18. Rac1 Ne5 19. Nxe5 Qg5 20. Nc6 Rxc6 {½-½ (40) Zsinka,L (2286)-Nagy,E (2269) Hungary 2012}) 15. bxc3 {The position is equal.} Ne7 16. Bb2 Qc7 17. c4 (17. Qe2 $14) 17... Qxc5 (17... Bxf3 $1 $15 18. gxf3 Qxc5) 18. Ne5 bxc4 19. Qxc4 Qxc4 20. Nxc4 {Threatens to win with Bxf6.} Rad8 21. f3 Bc6 22. e4 Ba4 23. Rdc1 Ng6 24. Nb6 Bb5 25. a4 Rb8 $1 26. Ba3 $36 {[%mdl 2048] White has good play.} Rfd8 27. Bc5 Bd3 28. Be3 Nd7 29. Nxd7 Rxd7 {[#]} 30. Rc3 $1 {aiming for Rd1.} h5 $2 (30... h6 $16) 31. Rd1 $18 Rbd8 {[#]} 32. Bg5 $1 {[%cal Rg5d8]} Be2 33. Re1 Rd2 34. Bxd2 Rxd2 35. Bb3 Nf4 {and the idea ...Bd3 leaves Black hopeful.} 36. Rc2 {Accuracy: White = 82%, Black = 38%.} 1-0